000 00613nam a2200181Ia 4500
003 GCL
008 140319s9999 xx 000 0 ara d
040 _aGCL /
_cGCL
082 0 4 _a214
_bا ك
100 1 _aاحمد رضا القادرى البريلوى
245 1 0 _aالكشف شافيا حكم فونوجرافيا /
_cاحمد رضا القادرى البريلوى
260 _aالقاهرة :
_bرضا اكاديميى ،
_c1997
300 _a123 ص ؛
_c24 سم
650 0 4 _aالدين الاسلامى
650 0 4 _aالثقافة الاسلامية
650 0 4 _aالثقافة
942 _2ddc
_cBK
999 _c9663
_d9663